Представление документа в формате RUSMARC

ПолеНазваниеЗначение
  Тип записи a
  Библиографический уровень s
001 Контрольный номер RU/IS/BASE/540733618
005 Дата корректировки 20220228171946.3
011 Индекс ISSN __
a ISSN 2076-8915
100 Данные общей обработки __
a Данные общей обработки 20170218d2017 ||| 0rusy0189 ca
101 Язык документа 0_
a Язык текста rus
102 Страна публикации __
a Страна публикации RU
105 Кодированные данные (монография) __
a Кодированные данные (монография) y###||||000|y
110 Кодированные данные: продолжающиеся ресурсы __
a Кодированные данные продолжающихся ресурсов ag|||||||||
200 Заглавие и сведения об ответственности 1_
a Заглавие Проблемы развития территории
686 Индексы других классификаций __
2 Код системы ББК
801 Источник записи _0
a Страна RU
b Организация Ульяновская ОНБ
c Дата составления 20170218
g Правила каталогизации RCR
801 Источник записи _1
a Страна RU
b Организация Ульяновская ОНБ
c Дата составления 20170218
g Правила каталогизации RCR
901 Тип документа __
t Тип документа u
938 Служебная информация __
a Имя БД article_work
b Имя библиотеки УОНБ
c Имя АИБС МАРК-SQL
d Номер DOC_ID в БД 115751